| 000 | 00956cam a2200289 a 4500 | ||
|---|---|---|---|
| 001 | 16104740 | ||
| 005 | 20170105102922.0 | ||
| 008 | 100223s2010 nyu b 001 0 eng | ||
| 010 | _a 2010923402 | ||
| 020 | _a9781935554004 | ||
| 040 |
_aDLC _cDLC |
||
| 042 | _apcc | ||
| 050 | 0 | 0 |
_aPR6068.U757 _bS273526 2010 |
| 082 | 0 | 0 |
_a823/.914 _222 |
| 100 | 1 |
_aMalik, Kenan, _d1960- |
|
| 245 | 1 | 0 |
_aFrom fatwa to jihad / _cKenan Malik. |
| 250 | _a1st U.S. ed. | ||
| 260 |
_aBrooklyn, NY : _bMelville House Pub., _c2010. |
||
| 300 |
_axxi, 266 p. ; _c21 cm. |
||
| 504 | _aIncludes bibliographical references (p. 241-253) and index. | ||
| 600 | 1 | 0 |
_aRushdie, Salman. _tSatanic verses. |
| 600 | 1 | 0 |
_aRushdie, Salman _xCensorship. |
| 650 | 0 | _aIslam and literature. | |
| 906 |
_a7 _bcbc _corignew _d2 _eepcn _f20 _gy-gencatlg |
||
| 942 |
_2ddc _cBK |
||
| 999 |
_c15616 _d15616 |
||